000 01166nam a22003497a 4500
001 BR9703634
003 BR-BrBNA
005 20230928095655.0
007 ta
008 230509b bl.||||| |||| 00| 0 por d
040 _aBR-BrBNA
_bpor
_cBiblioteca Nacional de Agricultura
041 _a(Por)
072 _aP32; P34; C10
090 _ P32 BR9703634
100 1 _aEltz, F.L.F.
100 1 _aDalmolin, R.S.D.(ed.)
110 1 _aSociedade Brasileira de Ciencia do Solo, Santa Maria, RS (Brasil)
_99649
110 1 _aUniversidade Federal de Santa Maria, RS (Brasil). Centro de Ciencias Rurais
_910930
111 1 _a2. Simposio Brasileiro sobre Ensino de Solos
_cSanta Maria, RS (Brazil)
_d20-23 Nov 1995
245 1 _aA construcao do conhecimento. Documento final do 2. Simposio Brasileiro sobre Ensino de Solos
260 3 _aSanta Maria, RS (Brasil):
_c1996.
300 _a321 p.
650 _aSolo
650 _aReconhecimento do Solo
650 _aGeomorfologia
650 _aClassificacao do Solo
650 _aFertilidade do Solo
650 _aConservacao do Solo
650 _aCurso
909 _a202309
_bLucia
_c55
_dLucia Elande
942 _cBK
999 _c58013
_d58013